00967nam a22002537a 4500003000900000005001700009008002900026020001800055040002200073082002300095245012500118260004700243300002100290490002600311500007200337590002600409650002400435650002400459700003800483910002500521942001200546952013800558999001700696DO-SdBNP20210721083246.0 2018 / dr. ||||spa d a9789945503203 aBPMSUbspacBPMSU aG863.08bM678m222 aMis manos son tu superficie :bantología de narrativa guatemalteca /cSelección y notas de Francisco Morales Santos. aSanto Domingo :bEditora Nacional, c2018. a449 p. ,c23 cm.0 aHomenaje ;aNarrativa aIncluyes datos biográficos del autor en la solapa de la cubierta. 6Inventariado, 2021/VM 4aNovela guatemalteca 4aNovela guatemalteca1 aMorales Santos, Francisco d1948- aMCabrera./VMateo V.  2ddccBK 00102ddc40708CDaBPMETbBPMETd2021-03-17eEditora BúhooBPMSU CD G863.08 M678m 2018pBPMSU21030044r2021-03-17w2021-03-17yBK c13400d13400